Normal view
MARC view
- Mujeeb ur Rehman
Entry Personal Name
001 - CONTROL NUMBER
- control field: 17249
003 - CONTROL NUMBER IDENTIFIER
- control field: NUST
005 - DATE AND TIME OF LATEST TRANSACTION
- control field: 20190710063256.0
008 - FIXED-LENGTH DATA ELEMENTS
- fixed length control field: 190710|| aca||aabn | a|a d
040 ## - CATALOGING SOURCE
- Original cataloging agency: NUST
- Transcribing agency: NUST
100 ## - HEADING--PERSONAL NAME
- Personal name: Mujeeb ur Rehman
670 ## - SOURCE DATA FOUND
- Source citation: Work cat.: (NUST): Mujeeb ur Rehman, Boundary values problems for fractional differential equations: Existence theory and numerical solutions /, 2011.
